| 000 | 00512nam a2200181Ia 4500 | ||
|---|---|---|---|
| 003 | GCL | ||
| 008 | 140319s9999 xx 000 0 ara d | ||
| 040 |
_aGCL / _cGCL |
||
| 082 | 0 | 4 |
_aط _b781.91 _bب أ |
| 100 | 1 | _aباسل حنا بطرس | |
| 245 | 1 | 0 |
_aالاتنا الموسيقية / _cباسل حنا بطرس |
| 700 | 1 | _aفاخر حسين | |
| 300 | _a32 ص | ||
| 490 |
_aالسلسلة العلمية _v0 |
||
| 650 | 0 | 4 | _aالاطفال |
| 650 | 0 | 4 | _aالالات الموسيقية |
| 942 |
_2ddc _cBK |
||
| 999 |
_c51333 _d51333 |
||